000 00337nam a2200145Ia 4500
003 OSt
005 20240209102717.0
008 170524s9999 xx 000 0 und d
020 _a8180548414
040 _cIIMT UNIVERSITY
100 _aPRASAD- LM
245 0 _aORAGANIZATION BEHAVIOUR
260 _bGALGOTIA PUB. HOUSE
942 _2ddc
_c02
999 _c8042
_d8042